000 00408nam a22001697a 4500
999 _c531908
_d531908
003 NUST
005 20191104111730.0
008 191104b ||||| |||| 00| 0 eng d
038 _aMSOHAIL
082 _a620.13621
100 _aASTM.
_925089
245 _aANNUAL BOOK OF ASTM STANDARDS 2011
250 _aVol-1
260 _aNew York :
_bASTM,
_c2011.
300 _a763 p. ;
_b28 cm.
942 _cBK
_2ddc